[Event "Budapest FS03 FM-2"]
[Site "Budapest"]
[Date "2024.03.16"]
[Round "3"]
[White "Ghoreishiamiri, Seyedkian"]
[Black "Szalanczy, Emil"]
[Result "1-0"]
[WhiteElo "1960"]
[BlackElo "1869"]
[PlyCount "83"]
[EventDate "2024.03.14"]
[EventType "tourn"]
[EventRounds "9"]
[EventCountry "HUN"]
[SourceTitle "CB15_2024"]
[SourceDate "2024.04.10"]
[SourceVersion "1"]
[SourceVersionDate "2024.04.10"]
[SourceQuality "1"]

1. e4 c5 2. Nf3 d6 3. d4 Nf6 4. Nc3 cxd4 5. Nxd4 g6 6. Be3 Bg7 7. f3 Nc6 8. Qd2 0-0 9. 0-0-0 d5 10. exd5 Nxd5 11. Nxc6 bxc6 12. Bd4 e5 13. Bc5 Be6 14. Ne4 a5 15. h4 Nb4 16. Bxf8 Nxa2+ 17. Kb1 Qxf8 18. h5 Qb8 19. h6 Bf8 20. Ka1 Be7 21. g4 Bd5 22. g5 Qb4 23. Qxb4 axb4 24. Kb1 Kf8 25. Rg1 b3 26. c3 Ra4 27. Nd2 Nxc3+ 28. bxc3 Ra2 29. Bc4 Rxd2 30. Bxd5 Rxd5 31. Rxd5 cxd5 32. Rd1 Bxg5 33. Rxd5 Bxh6 34. c4 e4 35. fxe4 Be3 36. c5 Bxc5 37. Rxc5 Ke7 38. Kb2 h5 39. Kxb3 Kf6 40. Kc3 h4 41. Kd3 h3 42. Ke3 1-0

[Event "Tehran zt 3.1"]
[Site "Tehran"]
[Date "2023.05.24"]
[Round "2"]
[White "Ghoreishiamiri, Seyedkian"]
[Black "Noroozi, Omid"]
[Result "0-1"]
[WhiteElo "1752"]
[BlackElo "2304"]
[PlyCount "185"]
[EventDate "2023.05.23"]
[EventType "swiss"]
[EventRounds "9"]
[EventCountry "IRI"]
[SourceTitle "CBM 214 Extra"]
[Source "ChessBase"]
[SourceDate "2023.07.31"]
[SourceVersion "1"]
[SourceVersionDate "2023.07.31"]
[SourceQuality "1"]

1. e4 c5 2. Nf3 d6 3. d4 cxd4 4. Nxd4 Nf6 5. Nc3 a6 6. h3 g6 7. g4 Nc6 8. Be3 Nxd4 9. Bxd4 Bh6 10. Bxf6 exf6 11. Qd3 Be6 12. Nd5 Rc8 13. c3 0-0 14. Bg2 Bxd5 15. Qxd5 Qe7 16. 0-0 Rc5 17. Qd3 Bf4 18. Rfe1 Kg7 19. Rad1 Qe6 20. a3 Re8 21. Qf3 Be5 22. Qe3 g5 23. Re2 Qb3 24. Qd3 b5 25. Qc2 Qa2 26. Qb1 Qe6 27. Qd3 Rec8 28. Rc2 Qb3 29. Rcd2 Bf4 30. Qc2 Qa2 31. Re2 Be5 32. Qb1 Qe6 33. Rd5 a5 34. Qd3 Qe8 35. Rc2 Qc6 36. Rxc5 Qxc5 37. Qd5 Qb6 38. Bf1 Rc5 39. Qd3 Qc6 40. b4 axb4 41. axb4 Rxc3 42. Rxc3 Bxc3 43. Qd5 Qc7 44. Qxb5 Be1 45. Qe2 Bxb4 46. Kg2 Qa7 47. Qf3 Qa2 48. Be2 Bc5 49. Bf1 Qb2 50. Bc4 Qc2 51. Bd5 Bd4 52. Bb3 Qb2 53. Bd5 Qd2 54. Bc4 Qe1 55. Be2 Bb6 56. Bc4 Bxf2 57. Bf1 Bd4 58. Qe2 Qc1 59. Qf3 Bb6 60. Kh1 Qc5 61. Qg2 Qe3 62. Be2 Bd4 63. Bf1 Be5 64. Be2 Bf4 65. Qf3 Qc1+ 66. Qf1 Qc2 67. Qf3 Kf8 68. Qd3 Qc1+ 69. Qd1 Qb2 70. Qd3 Ke7 71. Kg2 Be5 72. Kf2 Qa1 73. Qd1 Qc3 74. Qd3 Qc1 75. Kg2 Qf4 76. Qf3 Qh2+ 77. Kf1 Bd4 78. Qg2 Qf4+ 79. Qf3 Qc1+ 80. Bd1 Bc5 81. Qd3 Qb2 82. Be2 Qc1+ 83. Bd1 Qf4+ 84. Qf3 Qd2 85. Be2 Qd4 86. Ke1 Qg1+ 87. Kd2 Qb1 88. Qd3 Bb4+ 89. Ke3 Qg1+ 90. Kf3 Bc5 91. e5 d5 92. exf6+ Kf8 93. Qd1 0-1

[Event "Wch U08"]
[Site "Batumi"]
[Date "2022.09.23"]
[Round "7"]
[White "Ghoreishiamiri, Seyedkian"]
[Black "Nguyen, Truong An Khang"]
[Result "1/2-1/2"]
[WhiteElo "1583"]
[BlackElo "1362"]
[PlyCount "224"]
[EventDate "2022.09.16"]
[EventType "swiss"]
[EventRounds "11"]
[EventCountry "GEO"]
[SourceTitle "EXT 2023"]
[Source "ChessBase"]
[SourceDate "2022.10.05"]
[SourceVersion "1"]
[SourceVersionDate "2022.10.05"]
[SourceQuality "1"]

1. e4 c6 2. d4 d5 3. Nc3 dxe4 4. Nxe4 Nf6 5. Nxf6+ exf6 6. c3 Bd6 7. Bd3 0-0 8. Ne2 Re8 9. Qc2 h5 10. Be3 Be6 11. 0-0-0 Nd7 12. Nf4 Bxa2 13. b3 Qa5 14. Kd2 Bxb3 15. Qxb3 Nb6 16. Ra1 Qg5 17. g3 Bxf4 18. Bxf4 Qg4 19. Qd1 Qh3 20. Qf3 Nd5 21. Be4 Nb6 22. Kc2 g6 23. Rhe1 Qd7 24. Bd3 Rec8 25. Red1 Nd5 26. Be4 Nb6 27. Ra5 f5 28. Bd3 Nd5 29. Bc4 b6 30. Raa1 Nf6 31. Be5 Nd5 32. h3 b5 33. Bd3 f6 34. Bf4 b4 35. Bc4 Kh7 36. g4 Nxc3 37. gxh5 g5 38. Bd3 gxf4 39. Qxf4 Ne4 40. Bxe4 fxe4 41. Qxf6 Rf8 42. Qg6+ Kh8 43. Qh6+ Qh7 44. Qxh7+ Kxh7 45. Re1 Rxf2+ 46. Kb3 a5 47. Rxe4 Rf3+ 48. Ka4 Rxh3 49. Re7+ Kh8 50. Re5 Rd3 51. Re6 Ra6 52. Re7 Rxd4 53. Rf1 Ra8 54. Rff7 Rg4 55. Rc7 Rg3 56. Rxc6 Ra3+ 57. Kb5 Rg3 58. Rh6+ Kg8 59. Rg6+ Rxg6 60. hxg6 b3 61. Ka4 b2 62. Rb7 Ra6 63. Rxb2 Rxg6 64. Kxa5 Rg7 65. Rb8+ Kf7 66. Kb6 Rg1 67. Rb7+ Kf6 68. Rh7 Rg7 69. Rh6+ Rg6 70. Rh1 Ke5+ 71. Kc5 Rg8 72. Re1+ Kf4 73. Rf1+ Ke5 74. Rf2 Rc8+ 75. Kb6 Rc1 76. Rd2 Ke4 77. Kb5 Ke5 78. Re2+ Kd5 79. Re8 Rb1+ 80. Ka5 Kc5 81. Rc8+ Kd6 82. Ka4 Kd5 83. Rc2 Kd6 84. Ka3 Rb8 85. Rd2+ Kc5 86. Rc2+ Kd4 87. Rc7 Kd3 88. Ka4 Kd4 89. Ka5 Kd5 90. Ka6 Rb1 91. Rh7 Kc6 92. Rh6+ Kc7 93. Ka5 Rb2 94. Ka4 Rb8 95. Rh7+ Kd6 96. Ka5 Kc6 97. Rh6+ Kc5 98. Rh5+ Kc6 99. Ka4 Rb7 100. Ka3 Kc7 101. Rh7+ Kc6 102. Rh6+ Kc5 103. Ka2 Kc4 104. Rc6+ Kd3 105. Rd6+ Kc2 106. Rc6+ Kd3 107. Ka1 Rb8 108. Rc7 Kd4 109. Rd7+ Kc3 110. Rc7+ Kd2 111. Rc4 Kd1 112. Rc3 Rb7 1/2-1/2